000 00399nam a22001337a 4500
020 _a97800195108415
040 _cNust
082 _a005.133-C
_bHAL'C
100 _aRichard P. Halpern
_9126441
245 _aC For yourself Learning C Using Experiments
260 _aNew York:
_bOxford University press,
_c1997.
650 _a C For yourself Learning C Using Experiments
_9126442
942 _2ddc
_cBK
999 _c612128
_d612128